Statystyki dla Trasa 1 w Białymstoku

Kliknij tutaj aby rozwiązać quiz!

Ogólne statystyki

  • Ten quiz został rozwiązany 5 razy
  • Średni wynik to 13 z 15

Statystyki odpowiedzi

HintOdpowiedź% Poprawnych
1,12,15,17,24,101,105,109Branickiego
100%
1,12,15,17,24,101,105,109Branickiego
100%
1,2,15,17,101,105Branickiego
100%
1,2,15,17,101,105Branickiego
100%
1,2,4,10,11,18,21,29,103Kolejowa
100%
1,7,9,12,18,21,24,100,103,107Piłsudskiego
100%
1,9,12,15,18,21,24,100,103Piłsudskiego
100%
1,4,5,6,12,13,15,19,24,101,103,105,109Piłsudskiego
100%
1,2,4,11,12,14,21,23, 107Hetmańska
75%
1,2,4,11,12,14,21,23, 107Hetmańska
75%
1,4,14,17,23Marczukowska
75%
1,4,14,17,23Witosa
75%
1,2,4,10,11,18,21,29,103Zwycięstwa
75%
1,2,4,10,11,18,21,29,103Zwycięstwa
75%
1,17,28Słoneczny stok
50%

Rozkład punktacji

Percentyl według liczby udzielonych odpowiedzi

Procent ludzi z każdym wynikiem

Twoja historia wyników

Nie rozwiązałeś tego quizu